[Event "EU-ch 23rd"]
[Site "Vrnjacka Banja"]
[Date "2023.03.07"]
[Round "5"]
[White "Saraci, Nderim"]
[Black "Garsky, Vladyslav"]
[Result "1-0"]
[WhiteElo "2469"]
[BlackElo "2253"]
[PlyCount "95"]
[EventDate "2023.03.03"]
[EventType "swiss"]
[EventRounds "11"]
[EventCountry "SRB"]
[SourceTitle "CBM 213"]
[Source "ChessBase"]
[SourceDate "2023.04.30"]
[SourceVersion "1"]
[SourceVersionDate "2023.04.30"]
[SourceQuality "1"]

1. Nf3 d5 2. c4 c6 3. d4 Nf6 4. Qc2 g6 5. g3 Bg7 6. Bg2 0-0 7. 0-0 Bf5 8. Qb3 Qb6 9. Nc3 Nbd7 10. Qa4 Ne4 11. cxd5 Nxc3 12. bxc3 cxd5 13. Ba3 Rfc8 14. Nh4 Rc4 15. Bb4 Nf6 16. Nxf5 gxf5 17. e3 Ne4 18. Qa3 e6 19. Rfc1 a5 20. Bxe4 fxe4 21. Bc5 Qc6 22. Rab1 Ra4 23. Qb3 Bf8 24. Bxf8 Rxf8 25. Qxb7 Qxb7 26. Rxb7 Rc8 27. Rc2 Rac4 28. Ra7 Ra4 29. Rb2 Ra3 30. Rbb7 Rf8 31. Rc7 Rxa2 32. c4 dxc4 33. Rxc4 Kg7 34. Rc5 Rb8 35. Rg5+ Kh6 36. Re5 Kg6 37. Rxe4 h5 38. Rf4 f6 39. Ra6 a4 40. Rxe6 a3 41. Rfxf6+ Kg7 42. Rg6+ Kh7 43. Rh6+ Kg7 44. Reg6+ Kf7 45. Ra6 Rb1+ 46. Kg2 Rbb2 47. Ra7+ Kg8 48. Rg6+ 1-0

[Event "Wch Blitz"]
[Site "Almaty"]
[Date "2022.12.30"]
[Round "20"]
[White "Arjun, Kalyan"]
[Black "Saraci, Nderim"]
[Result "1/2-1/2"]
[WhiteElo "2426"]
[BlackElo "2549"]
[PlyCount "143"]
[EventDate "2022.12.29"]
[EventType "swiss (blitz)"]
[EventRounds "21"]
[EventCountry "KAZ"]
[SourceTitle "CBM 212"]
[Source "ChessBase"]
[SourceDate "2023.02.28"]
[SourceVersion "1"]
[SourceVersionDate "2023.02.28"]
[SourceQuality "1"]

1. e4 c5 2. Nf3 e6 3. d4 cxd4 4. Nxd4 a6 5. Bd3 Qc7 6. 0-0 Nf6 7. Qe2 d6 8. c4 Nbd7 9. Nc3 b6 10. f4 Bb7 11. Kh1 Rc8 12. f5 e5 13. Nb3 Be7 14. Bd2 Qb8 15. Nd5 Bd8 16. Rad1 Bc6 17. Bb4 a5 18. Bc3 a4 19. Nd2 Nc5 20. b4 axb3 21. Nxb3 Nxb3 22. axb3 Bxd5 23. exd5 b5 24. Bd2 0-0 25. g4 e4 26. Bb1 bxc4 27. bxc4 Nd7 28. g5 Qb3 29. f6 Qxc4 30. Qxe4 Qxe4+ 31. Bxe4 gxf6 32. Bf5 Rc7 33. Bxd7 Rxd7 34. gxf6 Re8 35. Bh6 Re5 36. Rg1+ Kh8 37. Bg7+ Kg8 38. Rg3 h5 39. Rdg1 Kh7 40. Rg5 Rb7 41. Rxe5 dxe5 42. Rg5 e4 43. Rxh5+ Kg6 44. Re5 Rb1+ 45. Kg2 Rb2+ 46. Kf1 Rxh2 47. Rxe4 Rd2 48. Rg4+ Kf5 49. Rg3 Rxd5 50. Rf3+ Kg4 51. Rb3 Rd2 52. Rb4+ Kf5 53. Rb5+ Kg6 54. Rb3 Bc7 55. Rf3 Be5 56. Rf2 Rd6 57. Kg2 Rd3 58. Rf3 Rd2+ 59. Rf2 Rd5 60. Rf3 Bd4 61. Rg3+ Kf5 62. Rf3+ Ke4 63. Bh6 Be5 64. Bg5 Rd8 65. Re3+ Kf5 66. Bh4 Bf4 67. Rb3 Kg4 68. Bf2 Rd6 69. Rb4 Rxf6 70. Be3 Kg5 71. Rxf4 Rxf4 72. Kg3 1/2-1/2

[Event "Wch Blitz"]
[Site "Almaty"]
[Date "2022.12.30"]
[Round "18"]
[White "Damjanovic, Vuk"]
[Black "Saraci, Nderim"]
[Result "1/2-1/2"]
[WhiteElo "2439"]
[BlackElo "2549"]
[PlyCount "73"]
[EventDate "2022.12.29"]
[EventType "swiss (blitz)"]
[EventRounds "21"]
[EventCountry "KAZ"]
[SourceTitle "CBM 212"]
[Source "ChessBase"]
[SourceDate "2023.02.28"]
[SourceVersion "1"]
[SourceVersionDate "2023.02.28"]
[SourceQuality "1"]

1. d4 d5 2. Nc3 Bf5 3. Bf4 e6 4. e3 Bd6 5. Bg3 Nf6 6. Bd3 Bg6 7. Nf3 a6 8. 0-0 0-0 9. Qe2 c5 10. dxc5 Bxg3 11. hxg3 Qa5 12. e4 Qxc5 13. exd5 exd5 14. Bxg6 hxg6 15. Rad1 Nc6 16. Qd2 Rad8 17. Nd4 Ne4 18. Qd3 Nxc3 19. Qxc3 Qxc3 20. bxc3 Rd6 21. Nxc6 Rxc6 22. Rxd5 Rxc3 23. Rd2 Rfc8 24. Rb1 R8c7 25. g4 g5 26. Rb2 f6 27. f3 Kf7 28. Re2 b5 29. Kf2 R7c5 30. Kg3 a5 31. Rd2 b4 32. Rd7+ Kg6 33. Ra7 Rd5 34. Kh3 Kh6 35. Kg3 g6 36. Ra6 Kg7 37. Ra7+ 1/2-1/2

[Event "Wch Blitz"]
[Site "Almaty"]
[Date "2022.12.30"]
[Round "15"]
[White "Zverev, Lev"]
[Black "Saraci, Nderim"]
[Result "1-0"]
[WhiteElo "2333"]
[BlackElo "2549"]
[PlyCount "82"]
[EventDate "2022.12.29"]
[EventType "swiss (blitz)"]
[EventRounds "21"]
[EventCountry "KAZ"]
[SourceTitle "CBM 212"]
[Source "ChessBase"]
[SourceDate "2023.02.28"]
[SourceVersion "1"]
[SourceVersionDate "2023.02.28"]
[SourceQuality "1"]

1. e4 e5 2. Nf3 Nc6 3. Bc4 Bc5 4. d3 Nf6 5. 0-0 0-0 6. h3 h6 7. c3 d6 8. Bb3 a6 9. Nbd2 Ba7 10. Re1 Ne7 11. Nf1 Ng6 12. d4 Re8 13. Ng3 Be6 14. Bc2 c6 15. Be3 Qc7 16. Qd2 Rad8 17. Rad1 b5 18. a4 Bb6 19. axb5 axb5 20. Nf5 exd4 21. cxd4 d5 22. exd5 Bxf5 23. Bxf5 Nxd5 24. Bxg6 fxg6 25. Qc2 g5 26. Ne5 Nxe3 27. fxe3 c5 28. Qb3+ Kh7 29. Kh1 cxd4 30. exd4 Bxd4 31. Nf7 Rxe1+ 32. Rxe1 Rf8 33. Qd3+ Kg8 34. Nxh6+ gxh6 35. Qxd4 Qc6 36. b4 Rf4 37. Qd8+ Rf8 38. Qd4 Rf4 39. Qd8+ Rf8 40. Qd2 Qc4 41. Qe3 Qf7 1-0

[Event "Wch Blitz"]
[Site "Almaty"]
[Date "2022.12.29"]
[Round "2"]
[White "Korelskiy, Egor"]
[Black "Saraci, Nderim"]
[Result "0-1"]
[WhiteElo "2307"]
[BlackElo "2549"]
[PlyCount "50"]
[EventDate "2022.12.29"]
[EventType "swiss (blitz)"]
[EventRounds "21"]
[EventCountry "KAZ"]
[SourceTitle "CBM 212"]
[Source "ChessBase"]
[SourceDate "2023.02.28"]
[SourceVersion "1"]
[SourceVersionDate "2023.02.28"]
[SourceQuality "1"]

1. e4 e5 2. Nf3 Nc6 3. Bb5 a6 4. Ba4 g6 5. 0-0 Bg7 6. c3 d6 7. h3 Bd7 8. d4 Nge7 9. Re1 0-0 10. Nbd2 exd4 11. cxd4 Nxd4 12. Nxd4 Bxd4 13. Bxd7 Qxd7 14. Nc4 Nc6 15. Bh6 Rfe8 16. Qd2 Qe6 17. Rac1 Bg7 18. Bxg7 Kxg7 19. f3 Rac8 20. a3 h5 21. Ne3 Ne7 22. Kh1 c6 23. Qb4 Rc7 24. Nd5 Rd7 25. Nf4 Qf6 0-1

[Event "Wch Blitz"]
[Site "Almaty"]
[Date "2022.12.29"]
[Round "4"]
[White "Saraci, Nderim"]
[Black "Cheparinov, Ivan"]
[Result "0-1"]
[WhiteElo "2549"]
[BlackElo "2623"]
[PlyCount "36"]
[EventDate "2022.12.29"]
[EventType "swiss (blitz)"]
[EventRounds "21"]
[EventCountry "KAZ"]
[SourceTitle "CBM 212"]
[Source "ChessBase"]
[SourceDate "2023.02.28"]
[SourceVersion "1"]
[SourceVersionDate "2023.02.28"]
[SourceQuality "1"]

1. b3 e5 2. Bb2 Nc6 3. e3 Nf6 4. Nf3 e4 5. Ne5 Nxe5 6. Bxe5 d6 7. Bb2 d5 8. c4 Be7 9. cxd5 Qxd5 10. Nc3 Qg5 11. Nb5 0-0 12. Nxc7 Bg4 13. Qb1 Rad8 14. Nb5 Rfe8 15. Nc7 Bb4 16. Bc1 Qa5 17. f3 Bxd2+ 18. Kf2 Qxc7 0-1

[Event "Wch Blitz"]
[Site "Almaty"]
[Date "2022.12.29"]
[Round "1"]
[White "Saraci, Nderim"]
[Black "Giri, Anish"]
[Result "0-1"]
[WhiteElo "2549"]
[BlackElo "2792"]
[PlyCount "98"]
[EventDate "2022.12.29"]
[EventType "swiss (blitz)"]
[EventRounds "21"]
[EventCountry "KAZ"]
[SourceTitle "CBM 212"]
[Source "ChessBase"]
[SourceDate "2023.02.28"]
[SourceVersion "1"]
[SourceVersionDate "2023.02.28"]
[SourceQuality "1"]

1. e4 c5 2. Nf3 d6 3. Bb5+ Nd7 4. 0-0 a6 5. Bd3 Ngf6 6. c3 e6 7. Bc2 b5 8. d4 Bb7 9. Re1 Be7 10. Bg5 h6 11. Bh4 0-0 12. Nbd2 Nh5 13. Bxe7 Qxe7 14. e5 dxe5 15. dxe5 Nf4 16. Be4 Bxe4 17. Nxe4 Rfd8 18. Qd2 Ng6 19. Qd6 Ndxe5 20. Qxe7 Nxf3+ 21. gxf3 Nxe7 22. Nxc5 Rd2 23. Rab1 Rd5 24. Nb3 Nf5 25. Red1 Rad8 26. Rxd5 Rxd5 27. Kg2 g5 28. Ra1 Nh4+ 29. Kf1 Nxf3 30. Kg2 Ne5 31. a4 Nd3 32. axb5 axb5 33. Rb1 Kg7 34. Nd4 b4 35. Ne2 b3 36. Kf3 Rf5+ 37. Ke3 Nxf2 38. Ng3 Ng4+ 39. Kd3 Rf4 40. Nh5+ Kg6 41. Nxf4+ gxf4 42. Rg1 Kf5 43. c4 Ne5+ 44. Kc3 f3 45. c5 Ke4 46. Re1+ Kd5 47. Kd2 Kd4 48. Rc1 Nd3 49. Rc3 Nxc5 0-1

[Event "Wch Blitz"]
[Site "Almaty"]
[Date "2022.12.29"]
[Round "11"]
[White "Saraci, Nderim"]
[Black "Maze, Sebastien"]
[Result "1-0"]
[WhiteElo "2549"]
[BlackElo "2431"]
[PlyCount "122"]
[EventDate "2022.12.29"]
[EventType "swiss (blitz)"]
[EventRounds "21"]
[EventCountry "KAZ"]
[SourceTitle "CBM 212"]
[Source "ChessBase"]
[SourceDate "2023.02.28"]
[SourceVersion "1"]
[SourceVersionDate "2023.02.28"]
[SourceQuality "1"]

1. b3 d6 2. d4 Nf6 3. Bb2 g6 4. Nf3 Bg7 5. e3 0-0 6. c4 e5 7. dxe5 dxe5 8. Nc3 e4 9. Qxd8 Rxd8 10. Nd2 Bf5 11. h3 h5 12. 0-0-0 a5 13. Be2 Na6 14. g3 c6 15. Rdg1 Nc5 16. g4 hxg4 17. hxg4 Be6 18. g5 Nfd7 19. Ncxe4 Bxb2+ 20. Kxb2 Bf5 21. Nxc5 Nxc5 22. Rd1 a4 23. f3 a3+ 24. Kc3 Bd3 25. Rde1 b5 26. Bxd3 Rxd3+ 27. Kc2 Rad8 28. Re2 Na6 29. Ne4 Nb4+ 30. Kc1 bxc4 31. bxc4 Kf8 32. Rh8+ Ke7 33. Rxd8 Rxd8 34. Nc3 Rh8 35. Kd2 Rd8+ 36. Kc1 Rh8 37. Kd2 Rd8+ 38. Kc1 Rh8 39. Na4 Rh1+ 40. Kd2 Rb1 41. Kc3 Na6 42. Kd4 Ra1 43. Nc3 Rf1 44. f4 c5+ 45. Kd3 Nb4+ 46. Ke4 Rc1 47. Nd5+ Kd6 48. Nb6 Kc6 49. Nc8 Rxc4+ 50. Ke5 Nd3+ 51. Kf6 Nc1 52. Rh2 Rb4 53. Ne7+ Kb5 54. Nd5 Rb2 55. Rh1 Nxa2 56. Kxf7 Nb4 57. e4 a2 58. Ra1 Nc2 59. Rxa2 Rxa2 60. Nc3+ Kc4 61. Nxa2 Kd4 1-0

[Event "Wch Blitz"]
[Site "Almaty"]
[Date "2022.12.29"]
[Round "12"]
[White "Tsaruk, Maksim"]
[Black "Saraci, Nderim"]
[Result "0-1"]
[WhiteElo "2330"]
[BlackElo "2549"]
[PlyCount "139"]
[EventDate "2022.12.29"]
[EventType "swiss (blitz)"]
[EventRounds "21"]
[EventCountry "KAZ"]
[SourceTitle "CBM 212"]
[Source "ChessBase"]
[SourceDate "2023.02.28"]
[SourceVersion "1"]
[SourceVersionDate "2023.02.28"]
[SourceQuality "1"]

1. e4 e5 2. Nf3 Nc6 3. Nc3 Nf6 4. d4 exd4 5. Nxd4 Bb4 6. Nxc6 bxc6 7. Bd3 d5 8. exd5 cxd5 9. 0-0 0-0 10. h3 c6 11. Qf3 Re8 12. Bg5 Be6 13. Ne2 Be7 14. Nd4 Bd7 15. Nf5 Bxf5 16. Qxf5 g6 17. Qf3 Nd7 18. Bf4 Bf6 19. Rae1 Bxb2 20. Qg3 Bg7 21. Bc7 Qf6 22. c4 Nc5 23. cxd5 cxd5 24. Rxe8+ Rxe8 25. Bb5 Rc8 26. Ba5 Ne4 27. Qd3 Qd4 28. Qb3 Rb8 29. Qa4 Qc5 30. Bd3 Bd4 31. Be1 h5 32. Qd7 Kg7 33. a4 Rb2 34. Bxe4 dxe4 35. a5 Re2 36. a6 Rxe1 37. Rxe1 Bxf2+ 38. Kf1 Bxe1 39. Kxe1 Qe3+ 40. Kf1 Qd3+ 41. Qxd3 exd3 42. Ke1 Kf6 43. Kd2 Ke5 44. Kxd3 Kd5 45. g4 hxg4 46. hxg4 Ke5 47. Kc4 Kf4 48. Kc5 Kxg4 49. Kc6 f5 50. Kb7 f4 51. Kxa7 f3 52. Kb6 f2 53. a7 f1Q 54. a8Q Qf2+ 55. Kb5 Qf5+ 56. Kb6 Qe6+ 57. Kc5 Qe5+ 58. Kb6 Qd4+ 59. Kc7 Qc5+ 60. Kd7 Qf5+ 61. Kd6 Qf4+ 62. Kc5 g5 63. Qg2+ Kf5 64. Qc2+ Kf6 65. Kb6 g4 66. Qc6+ Kg5 67. Qd5+ Qf5 68. Qd2+ Kg6 69. Qe3 Qf3 70. Qe8+ 0-1